• 首页
  • 本馆介绍
  • 公告通知
  • 最新文献
  • 馆藏检索
  • 电子资源
  • 读者导购
  • 参考咨询
  • 我的图书馆
  • 登录
  • 详细信息显示
  • 放入我的书架
  • 预约/预借图书
  • 作者相关作品
  • 分类相关作品
  • 丛书相关作品
  • 出版社相关作品

书目信息

  • 表格格式
  • 工作单格式
  • 卡片格式
题名:
法律常识与案例选编
    
 
作者: 曾文友 编著
分册:  
出版信息: 天津   天津人民出版社  1997
页数: 260页
开本: 20cm
丛书名:
单 册:
中图分类: G633.2 , D920.5
科图分类:
主题词: 法律--中国 , 法律--中国
电子资源:
ISBN: 7-201-02803-0
000 00614nam0 2200217 450
001 1257289328
005 20121003155557.44
010    @a7-201-02803-0@dCNY9.80
100    @a20070708d1997 km y0chiy0120 ea
101 0  @achi
102    @aCN@b120000
200 1  @a法律常识与案例选编@Afa lu chang shi yu an li xuan bian@f曾文友编著@Fceng wen you bian zhu
210    @a天津@c天津人民出版社@d1997
215    @a260页@d20cm
606 0  @a法律@x中国
606 0  @a法律@x中国
690    @aG633.2@v3
690    @aD920.5@v4
701  0 @a曾文友@Aceng wen you@4编著
801  0 @aCN@bPFT@c20070714
905    @a10447@dD920.5@eJY68
    
    法律常识与案例选编/曾文友编著.-天津:天津人民出版社,1997
    260页;20cm
    
    
    ISBN 7-201-02803-0:CNY9.80
    
●
相关链接 在E读中查询图书 在五车中查询图书 在当当中查询图书 在豆瓣中查询图书


正题名:法律常识与案例选编     索取号:D920.5/JY68         预约/预借

序号 登录号 条形码 馆藏地/架位号 状态 备注
1 7813024   278130247   学院路分馆/ [索取号:D920.5/JY68] 在馆    
2 7813025   278130256   学院路分馆/ [索取号:D920.5/JY68] 在馆    
3 7813026   278130265   学院路分馆/ [索取号:D920.5/JY68] 在馆    
4 7813027   278130274   学院路分馆/ [索取号:D920.5/JY68] 在馆    
唐山师范学院图书馆 欢迎您!
大连网信软件有限公司© 版权所有